000 00911nam0a22002411 4500
001 rc\804342
005 20260407010337.0
035 _a(NLR Aleph) 005988350
090 _a7101387
_c7101387
100 _a20041129d1984 |||y0rusy50 ca
101 0 _arus
102 _aRU
105 _ay |||||||||
200 1 _aМетодические рекомендации
_eВ помощь информаторам
_f... Аптеч. упр. Исполкома Ленсовета
_g[Сост. к. м. н., доц. Чистяковой А.И.]
210 _aЛ.
_cБ. и.
_d1984
215 _a40 с.
_d22
702 1 _aЧистякова
_bА.И.
_gАльбина Ильинична
_4220
710 0 2 _aЛенинградское науч. фармацевтическое о-во
_9492211
_3RU\NLR\AUTH\889997490
801 0 _aRU
_bNLR
_gpsbo
801 1 _aRU
_bELAR
_2rusmarc
852 _aNLR
_j85-6/2540
942 _cBOOK
980 _aNB